000 00563nam a2200229Ia 4500
003 0100
008 130303s9999 xx 000 0 und d
040 _cARRUPELIB
050 _aLB1025.P4684
100 _aPeters, R.S.
245 _aEssays on education
260 _aLondon
260 _bGeorge Allen & Unwin
260 _C1981
300 _a149p.
300 _b 23 cm
440 _aUnwin education books
650 _bSex difference in education
650 _cSex discrimination in education
650 _dSexism in education
942 _2lcc
_05
999 _c65695
_d65695